000 01098nam a2200229Ia 4500
999 _c34900
_d34900
001 723
003 GE_BSU
005 20230220170849.0
008 181216s2008||||ge |||||||||||||| ||geo||
040 _cGE_BSU
041 _ageo
080 _a94(4)+94(7/8)(075.8) მ-55
100 _aმეძმარიაშვილი, ელენე
_916981
245 _aევროპის ქვეყნებისა და ამერიკის შეერთებული შტატების XX საუკუნის ისტორია ნაწ.1 1900–1945 :
_b1900–1945 ლექციების კურსი /
_cელენე მეძმარიაშვილი.
264 _aთბილისი :
_bკლიო,
_c2008.
300 _a242 გვ. ;
_c20 სმ.
541 _h8 ლ.
653 _a1900–1945 ლექციების კურსი
653 _aამერიკის შეერთებული შტატების XX საუკუნის ისტორია
653 _aისტორია
942 _cBK
_2udc